书目信息 |
| 题名: |
中国地层指南及中国地层指南说明书
|
|
| 作者: | ;全国地层委员会 著 | |
| 分册: | ||
| 出版信息: | 北京 科学出版社 1981 |
|
| 页数: | 25页 | |
| 开本: | 26cm | |
| 丛书名: | ||
| 单 册: | ||
| 中图分类: | P535 | |
| 科图分类: | ||
| 主题词: | 地层--中国--手册 | |
| 电子资源: | ||
| ISBN: | ||
| 000 | 00711nam0 2200229 45 | |
| 001 | 0181005204 | |
| 005 | 20060411164451.32 | |
| 010 | @dCNY0.36 | |
| 091 | @a13031.1529 | |
| 100 | @a19950613d1981 em y0chiy0121 ea | |
| 101 | 0 | @achi |
| 102 | @aCN@b110000 | |
| 105 | @ay z 000yy | |
| 200 | 10 | @a中国地层指南及中国地层指南说明书@Azhong guo di ceng zhi nan ji zhong guo di ceng zhi nan shuo ming shu@f全国地层委员会著@Fquan guo di ceng wei yuan hui zhu |
| 210 | @a北京@c科学出版社@d1981 | |
| 215 | @a25页@d26cm | |
| 606 | @a地层@y中国@x手册 | |
| 690 | @aP535@v4 | |
| 711 | 02 | @a全国地层委员会@Aquan guo di ceng wei yuan hui@4著 |
| 801 | 2 | @aCN@bNLC@c20060411 |
| 801 | 0 | @aCN@bTSSF |
| 905 | @a10447@dP535@e2 | |
| 中国地层指南及中国地层指南说明书/全国地层委员会著.-北京:科学出版社,1981 |
| 25页;26cm |
| ISBN :CNY0.36 |
| ● |
| 相关链接 |
|
|
|
|
正题名:中国地层指南及中国地层指南说明书
索取号:P535/2
 
预约/预借
| 序号 | 登录号 | 条形码 | 馆藏地/架位号 | 状态 | 备注 |
| 1 | 0074043 | 202254899 | 密集书库/ [索取号:P535/2] | 在馆 | |
| 2 | 0074044 | 202254924 | 密集书库/ [索取号:P535/2] | 在馆 | |
| 3 | 0074045 | 202254933 | 密集书库/ [索取号:P535/2] | 在馆 |